[Event "6eme Open d'Echecs de Saint-Chely d'Aub"]
[Site "Saint-Chely d'Aubrac (12)"]
[Date "2006.07.17"]
[Round "3.1"]
[White "Degraeve, Jean-Marc"]
[Black "Hassler, Franck"]
[Result "1/2-1/2"]
[WhiteElo "2540"]
[BlackElo "2222"]
[PlyCount "35"]

1. e4 c5 2. Nc3 e6 3. f4 d6 4. Nf3 Nf6 5. e5 Nd5 6. Ne4 Nc6 7. exd6 Bxd6 8. g3
b6 9. d4 O-O 10. dxc5 Bxc5 11. Nxc5 bxc5 12. c4 Ndb4 13. a3 Qxd1+ 14. Kxd1 Rd8+
15. Bd2 Nd3 16. Kc2 Nf2 17. Rg1 a5 18. Rg2 1/2-1/2

[Event "6eme Open d'Echecs de Saint-Chely d'Aub"]
[Site "Saint-Chely d'Aubrac (12)"]
[Date "2006.07.17"]
[Round "3.2"]
[White "Boudre, Jean-Pierre"]
[Black "Karpatchev, Aleksandr"]
[Result "1/2-1/2"]
[WhiteElo "2315"]
[BlackElo "2533"]
[PlyCount "84"]

1. e4 e5 2. Nf3 Nc6 3. Bb5 a6 4. Ba4 Nf6 5. O-O b5 6. Bb3 Bc5 7. c3 d6 8. d4
Bb6 9. a4 Bb7 10. Bg5 h6 11. Bxf6 Qxf6 12. Bd5 O-O 13. Na3 Rfb8 14. Nc2 Nd8 15.
Bxb7 Nxb7 16. Nb4 exd4 17. Nd5 Qe6 18. Nxd4 Qxe4 19. Nc6 Re8 20. axb5 Nc5 21.
Nxb6 cxb6 22. Qxd6 axb5 23. Rxa8 Rxa8 24. Nb4 Na4 25. Nd3 Re8 26. h3 Qf5 27.
Qd4 Re4 28. Qd8+ Kh7 29. f4 Re2 30. Rf2 Re3 31. Nb4 Nc5 32. Qd5 Re1+ 33. Kh2
Qb1 34. Nc2 Re6 35. Qf5+ Kg8 36. Nd4 Qxf5 37. Nxf5 Nd3 38. Rd2 Nxf4 39. Rd8+
Kh7 40. Nd4 Re5 41. Rd6 Ne6 42. Nxe6 Rxe6 1/2-1/2

[Event "6eme Open d'Echecs de Saint-Chely d'Aub"]
[Site "Saint-Chely d'Aubrac (12)"]
[Date "2006.07.17"]
[Round "3.3"]
[White "Staub, Ludovic"]
[Black "Grigore, George-Gabriel"]
[Result "0-1"]
[WhiteElo "2153"]
[BlackElo "2472"]
[PlyCount "114"]

1. e4 c5 2. Nf3 Nc6 3. d4 cxd4 4. Nxd4 e5 5. Nb5 d6 6. N1c3 a6 7. Na3 Be6 8.
Nd5 Nf6 9. Bg5 Bxd5 10. Bxf6 Qa5+ 11. c3 Be6 12. Bg5 f6 13. Be3 b5 14. Qd2 Rd8
15. c4 Qxd2+ 16. Bxd2 b4 17. Nc2 {(=)} 17... a5 18. Bd3 Be7 19. b3 Rb8 20. O-O
Bd8 21. Ne3 Bb6 22. Nd5 Bd4 23. Rac1 Kd7 24. h3 Rb7 25. Rb1 Ra8 26. Rbc1 Nb8
27. Rb1 Na6 28. Rbc1 Nc5 29. Bb1 a4 30. Bc2 axb3 31. axb3 Bxd5 32. exd5 g6 33.
Be3 Bxe3 34. fxe3 Ke7 35. Rf2 Ra2 36. Rcf1 Nd7 37. g4 Rba7 38. Bb1 Rxf2 39.
Rxf2 Nc5 40. Rb2 Ra3 41. Bc2 Ra1+ 42. Kf2 Rc1 43. Kg2 e4 44. Kf2 f5 45. g5 Kd7
46. Ra2 Kc7 47. Rb2 Kb6 48. Ra2 Nd3+ 49. Bxd3 exd3 50. Rd2 Rc3 51. e4 Rc2 52.
Ke3 Rxd2 53. Kxd2 fxe4 54. Ke3 Kc5 55. h4 Kb6 56. Kd2 Kc7 57. Ke3 Kb7 0-1

[Event "6eme Open d'Echecs de Saint-Chely d'Aub"]
[Site "Saint-Chely d'Aubrac (12)"]
[Date "2006.07.17"]
[Round "3.4"]
[White "Riff, Jean-Noel"]
[Black "Larand, Manuel"]
[Result "1-0"]
[WhiteElo "2444"]
[BlackElo "2078"]
[PlyCount "87"]

1. e4 d6 2. d4 Nf6 3. Nc3 g6 4. Be3 c6 5. Qd2 b5 6. Bd3 Nbd7 7. Nf3 e5 8. dxe5
dxe5 9. h3 Bb7 10. O-O Qe7 11. Rad1 Bg7 12. Ne2 O-O 13. Ng3 Kh8 14. Bh6 Bxh6
15. Qxh6 Ng8 16. Qe3 Nc5 17. c3 f6 18. Bc2 Ne6 19. Bb3 Nf4 20. Ne2 Nxe2+ 21.
Qxe2 Rfd8 22. Nh2 Kg7 23. Ng4 Bc8 24. Rxd8 Qxd8 25. Rd1 Qe7 26. Qd2 Bxg4 27.
hxg4 Rc8 28. Bxg8 Kxg8 29. Qd7 Qxd7 30. Rxd7 a5 31. Kf1 c5 32. Ke2 Rb8 33. g5
fxg5 34. Rd5 b4 35. c4 Rc8 36. Rxe5 h6 37. Re6 Kf7 38. Ra6 Re8 39. Ke3 h5 40.
Rxa5 Rc8 41. f3 Rc6 42. e5 Ke6 43. Ke4 h4 44. Ra7 1-0

[Event "6eme Open d'Echecs de Saint-Chely d'Aub"]
[Site "Saint-Chely d'Aubrac (12)"]
[Date "2006.07.17"]
[Round "3.5"]
[White "Lagunes, Jean-Renaud"]
[Black "Mullon, Jean-Baptiste"]
[Result "0-1"]
[WhiteElo "2151"]
[BlackElo "2375"]
[PlyCount "52"]

1. e4 e6 2. d4 d5 3. Nc3 Nf6 4. Bg5 dxe4 5. Nxe4 Nbd7 6. Nf3 h6 7. Nxf6+ Nxf6
8. Be3 Nd5 9. Qd2 Nxe3 10. Qxe3 c5 11. Bb5+ Bd7 12. Bxd7+ Qxd7 13. O-O-O Qd5
14. Qa3 c4 15. Qe3 Bd6 16. Ne5 Rc8 17. c3 O-O 18. h4 b5 19. h5 b4 20. Rh4 bxc3
21. bxc3 f5 22. g4 Be7 23. Rhh1 fxg4 24. Kb1 Bg5 25. Qe2 Qa5 26. Nxc4 Qb5+ 0-1

[Event "6eme Open d'Echecs de Saint-Chely d'Aub"]
[Site "Saint-Chely d'Aubrac (12)"]
[Date "2006.07.17"]
[Round "3.6"]
[White "Saucey, Michel"]
[Black "Labarthe, Arnaud"]
[Result "1-0"]
[WhiteElo "2342"]
[BlackElo "2044"]
[PlyCount "91"]

1. d4 d5 2. c4 e5 3. dxe5 d4 4. Nf3 Nc6 5. g3 Nge7 6. Bg2 Ng6 7. O-O Ngxe5 8.
Nbd2 Be7 9. a3 a5 10. b3 O-O 11. Bb2 Nxf3+ 12. Nxf3 Bf6 13. Qd3 g6 14. Rad1 Bf5
15. Qd2 Qe7 16. Rfe1 Rfd8 17. h3 h5 18. Qc1 Rd7 19. Qf4 Qd6 20. e4 Qxf4 21.
gxf4 Be6 22. e5 Be7 23. Ng5 Rad8 24. Nxe6 fxe6 25. Be4 Kg7 26. Rd3 h4 27. Kh1
Rf8 28. Bc1 Bd8 29. Red1 Ne7 30. Rxd4 Rxd4 31. Rxd4 g5 32. fxg5 Rxf2 33. Kg1
Rf8 34. Bxb7 Nf5 35. Rd7+ Kg6 36. Be4 Bxg5 37. Bxg5 Kxg5 38. Bxf5 Kxf5 39. b4
Kxe5 40. Rxc7 Rf3 41. b5 Rxa3 42. b6 Kf4 43. c5 Kg3 44. Rg7+ Kxh3 45. c6 Ra1+
46. Kf2 1-0

[Event "6eme Open d'Echecs de Saint-Chely d'Aub"]
[Site "Saint-Chely d'Aubrac (12)"]
[Date "2006.07.17"]
[Round "3.7"]
[White "Furrer, Marc"]
[Black "Nass, Emile"]
[Result "1/2-1/2"]
[WhiteElo "2184"]
[BlackElo "2015"]
[PlyCount "101"]

1. e4 e6 2. c4 d5 3. cxd5 exd5 4. exd5 Nf6 5. Qb3 Qxd5 6. Qg3 Qd6 7. Bc4 Qxg3
8. fxg3 Bc5 9. Nf3 Nc6 10. a3 O-O 11. b4 Re8+ 12. Kd1 Bd4 13. Nxd4 Nxd4 14. Bb2
Bg4+ 15. Kc1 Rad8 16. a4 Be2 17. d3 Nc6 18. Bxf6 gxf6 19. Re1 Nxb4 20. Kd2 Bg4
21. Rxe8+ Rxe8 22. Nc3 Be6 23. Nb5 Bxc4 24. dxc4 c6 25. Nxa7 Na6 26. Kc3 Ra8
27. Nb5 cxb5 28. axb5 Nc7 29. Rxa8+ Nxa8 30. Kd4 Kf8 31. Kc5 Ke7 32. g4 Ke6 33.
b6 Ke5 34. Kb5 Kf4 35. c5 Kxg4 36. Kc4 h5 37. Kd5 h4 38. Kd6 Nxb6 39. cxb6 h3
40. gxh3+ Kh4 41. Kd5 Kxh3 42. Ke4 Kg4 43. h3+ Kg5 44. Kf3 Kf5 45. h4 Ke5 46.
Ke3 f5 47. Kf3 f4 48. h5 Kf5 49. h6 Kg6 50. Kxf4 Kxh6 51. Ke5 1/2-1/2

[Event "6eme Open d'Echecs de Saint-Chely d'Aub"]
[Site "Saint-Chely d'Aubrac (12)"]
[Date "2006.07.17"]
[Round "3.8"]
[White "Carno, Matthias"]
[Black "Riff, Vincent"]
[Result "1/2-1/2"]
[WhiteElo "1880"]
[BlackElo "2328"]
[PlyCount "214"]

1. e4 c5 2. Nf3 Nc6 3. d4 cxd4 4. Nxd4 e5 5. Nf3 Nf6 6. Bg5 Be7 7. Nc3 Bb4 8.
Bd2 Bxc3 9. Bxc3 Nxe4 10. Nxe5 Nxe5 11. Qd4 Nxc3 12. Qxe5+ Qe7 13. Qxe7+ Kxe7
14. bxc3 d6 15. Bd3 Be6 16. a4 Rac8 17. Kd2 Rc7 18. a5 Rhc8 19. Rhb1 Bd5 20.
Ra3 Kf6 21. f3 Re8 22. Rb4 Bc6 23. Rd4 Rd7 24. Rf4+ Ke7 25. Rb3 a6 26. Rbb4 h6
27. Rb6 Rc7 28. Rc4 Kf8 29. Rd4 Re5 30. Rxd6 Rxa5 31. Rb1 Rg5 32. Bf1 Rd5+ 33.
Rxd5 Bxd5 34. Ke3 Ke7 35. Kd4 Be6 36. Bd3 Kd7 37. f4 Kc8 38. Be4 Bd7 39. Rb6
Bc6 40. Bxc6 Rxc6 41. Rxc6+ bxc6 42. Kc5 Kc7 43. Kb4 {(=)} 43... Kb6 44. f5 g6
45. f6 {(=)} 45... g5 46. g4 Kc7 47. Kc5 a5 48. Kc4 Kd6 49. Kb3 Ke6 50. Ka4
Kxf6 51. Kxa5 h5 52. Kb6 hxg4 53. Kxc6 Ke5 54. c4 f5 55. c5 f4 56. Kd7 g3 57.
hxg3 fxg3 58. c6 g2 59. c7 g1=Q 60. c8=Q Qa7+ 61. Kc6 Qa4+ 62. Kb6 Qd4+ 63. Kb5
Qd5+ 64. Kb4 Qd6+ 65. Kb5 Qd5+ 66. Kb4 Qe4+ 67. c4 g4 68. Qc7+ Kd4 69. Qg7+ Kd3
70. Qc3+ Ke2 71. Qb2+ Kf1 72. Qc1+ Kg2 73. Qb2+ Kf3 74. Qc3+ {(=)} 74... Kf4
75. Qd2+ Kf5 76. Qd7+ Kf6 77. Qd6+ Kf7 78. Qg3 Ke6 79. Qh4 Qb7+ 80. Ka5 Qa7+
81. Kb5 Qb7+ 82. Ka5 Qc7+ 83. Kb5 Qg7 84. c5 g3 85. Qe4+ Qe5 86. Qg6+ Kd7 87.
Qc6+ Kd8 88. Qa8+ Ke7 89. Qb7+ Kf8 90. Qf3+ Kg7 91. Qg4+ Kf6 92. Qh4+ Kf5 93.
Qh3+ Kg5 94. Qg2 Qb8+ 95. Ka6 Qc8+ 96. Kb5 Qd7+ 97. Ka5 Qd8+ 98. Kb5 Qd3+ 99.
Ka5 Qc3+ 100. Kb5 Qd3+ 101. Ka5 Kf4 102. c6 Qf5+ 103. Ka6 Qd3+ 104. Kb6 Qb1+
105. Ka6 Qa1+ 106. Kb7 Qb1+ 107. Ka7 Qe4 1/2-1/2

[Event "6eme Open d'Echecs de Saint-Chely d'Aub"]
[Site "Saint-Chely d'Aubrac (12)"]
[Date "2006.07.17"]
[Round "3.9"]
[White "Tassetti, Matthieu"]
[Black "Humeau, Cyril"]
[Result "0-1"]
[WhiteElo "1979"]
[BlackElo "2095"]
[PlyCount "90"]

1. Nf3 Nf6 2. g3 d5 3. Bg2 c6 4. O-O Bf5 5. d3 h6 6. Nbd2 e6 7. Re1 Be7 8. e4
dxe4 9. dxe4 Nxe4 10. Nh4 Bxh4 11. Bxe4 Bxe4 12. Nxe4 Qxd1 13. Rxd1 Be7 14. Be3
Nd7 15. Nd6+ Bxd6 16. Rxd6 Ke7 17. Rad1 Rhd8 18. Kf1 Nb6 19. Rxd8 Rxd8 20. Rxd8
Kxd8 21. b3 Kd7 22. Ke2 e5 23. Kd3 Ke6 24. Bc5 h5 25. a4 Nc8 26. h3 a6 27. Bf8
g5 28. g4 hxg4 29. hxg4 f5 30. f3 Nb6 31. c4 Nd7 32. Bb4 fxg4 33. fxg4 Nf6 34.
Bd2 Nxg4 35. Bxg5 Kf5 36. Bd2 c5 37. a5 e4+ 38. Ke2 Ne5 39. Be3 Nc6 40. Bxc5
Nxa5 41. Bb6 Nxb3 42. Kd1 Ke5 43. Kc2 Nd4+ 44. Kd2 Nf5 45. Ke2 Kd6 0-1

[Event "6eme Open d'Echecs de Saint-Chely d'Aub"]
[Site "Saint-Chely d'Aubrac (12)"]
[Date "2006.07.17"]
[Round "3.10"]
[White "Laine, Patrice"]
[Black "Lengert, Martin"]
[Result "1/2-1/2"]
[WhiteElo "2060"]
[BlackElo "1871"]
[PlyCount "117"]

1. d4 d5 2. c4 e6 3. Nc3 Nf6 4. Bg5 Be7 5. cxd5 exd5 6. e3 c6 7. Bd3 O-O 8. Qc2
Nbd7 9. Nge2 Re8 10. h3 Nf8 11. g4 b6 12. O-O-O Bb7 13. Rdg1 Rc8 14. Kb1 c5 15.
h4 cxd4 16. Nxd4 Ne4 17. Bxe4 dxe4 18. Bxe7 Qxe7 19. Qe2 Ne6 20. Nf5 Qc7 21.
Nb5 Qb8 22. Nbd6 Rcd8 23. Nxe8 Rxe8 24. Rd1 Nc5 25. Qc4 Ba6 26. Qd4 Ne6 27.
Qxe4 Bb7 28. Qc4 Bxh1 29. Rxh1 g6 30. Nh6+ Kg7 31. g5 Rc8 32. Qe4 Qd6 33. Rc1
Rxc1+ 34. Kxc1 Qh2 35. Qf3 Qc7+ 36. Kb1 Qe7 37. Qe4 Qd6 38. Qf3 Qe7 39. a3 Nc5
40. Qa8 Qe4+ 41. Qxe4 Nxe4 42. Ng4 Nd2+ 43. Kc2 Nf3 44. Kd3 Nxh4 45. f4 Nf5 46.
b4 Nd6 47. a4 Ne8 48. Kd4 f6 49. Kd5 fxg5 50. fxg5 Nc7+ 51. Kc6 Na6 52. Kb7
Nxb4 53. Kxa7 Nd5 54. Kb7 Nc3 55. Kxb6 Nxa4+ 56. Kc6 Nc3 57. Nf2 h5 58. gxh6+
Kxh6 59. Kd6 1/2-1/2

[Event "6eme Open d'Echecs de Saint-Chely d'Aub"]
[Site "Saint-Chely d'Aubrac (12)"]
[Date "2006.07.17"]
[Round "3.11"]
[White "Meijers, Viesturs"]
[Black "Lefebvre, Stephane"]
[Result "1-0"]
[WhiteElo "2474"]
[BlackElo "1810"]
[PlyCount "47"]

1. e4 e5 2. Nf3 Nc6 3. Bb5 a6 4. Bxc6 dxc6 5. O-O Nf6 6. Nxe5 Bd6 7. Nf3 O-O 8.
e5 Bg4 9. exd6 Qxd6 10. d3 Nd5 11. Nc3 Qg6 12. Nxd5 cxd5 13. Ne5 Bxd1 14. Nxg6
Rfe8 15. Rxd1 fxg6 16. Kf1 Re6 17. Bf4 Rc6 18. c3 Rf8 19. Be5 Rf5 20. Bd4 b6
21. Re1 Kf7 22. Re3 Rd6 23. Rae1 Rd7 24. b4 1-0

[Event "6eme Open d'Echecs de Saint-Chely d'Aub"]
[Site "Saint-Chely d'Aubrac (12)"]
[Date "2006.07.17"]
[Round "3.12"]
[White "Magnier, Patrice"]
[Black "Lagunes, Robin"]
[Result "0-1"]
[WhiteElo "2080"]
[BlackElo "1803"]
[PlyCount "134"]

1. d4 d6 2. e3 Nf6 3. Bd3 g6 4. c3 Bg7 5. Nd2 b6 6. f4 Bb7 7. Ngf3 Nbd7 8. O-O
c5 9. Qe1 O-O 10. Qh4 Rc8 11. f5 Nd5 12. fxg6 fxg6 13. Ng5 Rxf1+ 14. Nxf1 Nf8
15. e4 Nc7 16. Qf2 Qe8 17. Bf4 b5 18. dxc5 dxc5 19. Qxc5 Nce6 20. Qxa7 Nxf4 21.
Qxb7 Rb8 22. Bxb5 Qxb5 23. Qxe7 Nd3 24. Qd6 Rd8 25. Qg3 Qxb2 26. Rd1 Qxc3 27.
Ne3 h6 28. Nf3 Re8 29. Nh4 Rxe4 30. Nxg6 Nxg6 31. Qxg6 Rxe3 32. Rf1 Qd4 33.
Qf7+ Kh8 34. Kh1 Qe4 35. h3 Re1 36. a4 Rxf1+ 37. Qxf1 Qe1 38. Qxe1 Nxe1 39. a5
Bd4 40. g4 Kg7 41. Kh2 Kg6 42. Kg3 Nd3 43. h4 Nb4 44. Kf4 Nc6 45. Ke4 Ba7 46.
a6 Nb4 47. Kf4 Bb8+ 48. Ke4 Nxa6 49. Kf3 Nc5 50. Kg2 Nd3 51. Kh3 Ne1 52. h5+
Kf6 53. g5+ hxg5 54. h6 Kg6 55. h7 Kxh7 56. Kg4 Kh6 57. Kh3 Nd3 58. Kg4 Ne5+
59. Kg3 Kh5 60. Kh3 g4+ 61. Kg3 Nd3+ 62. Kg2 Kh4 63. Kg1 Kh3 64. Kh1 Nf4 65.
Kg1 Ne2+ 66. Kh1 Ng3+ 67. Kg1 Ba7# 0-1

[Event "6eme Open d'Echecs de Saint-Chely d'Aub"]
[Site "Saint-Chely d'Aubrac (12)"]
[Date "2006.07.17"]
[Round "3.14"]
[White "Lengert, Vincent"]
[Black "Desboeufs, Alexandre"]
[Result "0-1"]
[WhiteElo "1786"]
[BlackElo "2028"]
[PlyCount "48"]

1. e4 e6 2. Nf3 d5 3. Nc3 d4 4. Ne2 c5 5. d3 Nf6 6. c3 Nc6 7. cxd4 cxd4 8. Qa4
Bb4+ 9. Bd2 Bxd2+ 10. Kxd2 O-O 11. Nexd4 Qb6 12. Rb1 Bd7 13. Ke1 Ng4 14. h3
Nce5 15. Qc2 Rac8 16. Qd2 Nxf3+ 17. Nxf3 {(=)
} 17... Nf6 18. Ne5 Bb5 19. Ng4
Nd7 20. h4 f5 21. exf5 exf5 22. Ne3 Qe6 23. g3 Ne5 24. Be2 Bxd3 0-1

[Event "6eme Open d'Echecs de Saint-Chely d'Aub"]
[Site "Saint-Chely d'Aubrac (12)"]
[Date "2006.07.17"]
[Round "3.15"]
[White "Sauvan, Olivier"]
[Black "Della Ragione, Enzo"]
[Result "1/2-1/2"]
[WhiteElo "2017"]
[BlackElo "1720"]
[PlyCount "58"]

1. d4 Nf6 2. c4 g6 3. Nc3 Bg7 4. e4 d6 5. Nf3 O-O 6. Be2 Nbd7 7. O-O e5 8. Be3
b6 9. Rc1 Bb7 10. Qc2 exd4 11. Nxd4 Nc5 12. f3 Re8 13. Rfd1 c6 14. Bf2 Qc7 15.
a3 a5 16. Nb3 Nxb3 17. Qxb3 Nd7 18. Qc2 Nc5 19. Bf1 19... Be5 {(=)} 20. g3 Re6
21. Rd2 Rf6 22. Bg2 Ba6 23. f4 Bxc3 24. Qxc3 Re6 25. Re1 Qe7 26. Rde2 d5 27.
cxd5 cxd5 28. Bxc5 Qxc5+ 29. Qxc5 bxc5 1/2-1/2

[Event "6eme Open d'Echecs de Saint-Chely d'Aub"]
[Site "Saint-Chely d'Aubrac (12)"]
[Date "2006.07.17"]
[Round "3.16"]
[White "Ritzenthaler, Stephane"]
[Black "Lepere, Philippe"]
[Result "1-0"]
[WhiteElo "2007"]
[BlackElo "1720"]
[PlyCount "53"]

1. e4 d6 2. d4 Nf6 3. Nc3 c6 4. f3 g6 5. Be3 Bg7 6. Qd2 Nbd7 7. O-O-O Qc7 8. h4
Nb6 9. g4 Bd7 10. Nh3 O-O-O 11. Rg1 Rhe8 12. Ng5 Rf8 13. Be2 a6 14. f4 h6 15.
Nh3 h5 16. Nf2 Rh8 17. g5 Ng4 18. Nxg4 hxg4 19. Bf2 e5 20. fxe5 dxe5 21. d5
cxd5 22. exd5 f5 23. gxf6 Bh6 24. Be3 Bxe3 25. Qxe3 Rxh4 26. d6 Qc6 27. Qg5 1-0

[Event "6eme Open d'Echecs de Saint-Chely d'Aub"]
[Site "Saint-Chely d'Aubrac (12)"]
[Date "2006.07.17"]
[Round "3.17"]
[White "Weigel, Marie"]
[Black "Jouet-Pastre, Alban"]
[Result "0-1"]
[WhiteElo "1720"]
[BlackElo "1972"]
[PlyCount "32"]

1. d4 Nf6 2. g3 c5 3. Nf3 g6 4. Bg2 Bg7 5. O-O Qc7 6. c3 O-O 7. Nbd2 d6 8. e4
Nc6 9. Re1 Nd7 10. Nb3 cxd4 11. cxd4 b6 12. Be3 Bb7 13. Rc1 Qd8 14. Qe2 {(=)}
14... Nb4 15. a3 Ba6 16. Rc4 Nc6 0-1

[Event "6eme Open d'Echecs de Saint-Chely d'Aub"]
[Site "Saint-Chely d'Aubrac (12)"]
[Date "2006.07.17"]
[Round "3.18"]
[White "Rabier, Jean"]
[Black "Saucey, Capucine"]
[Result "1-0"]
[WhiteElo "1972"]
[BlackElo "1660"]
[PlyCount "41"]

1. e4 e5 2. Nf3 Nc6 3. Bb5 a6 4. Bxc6 dxc6 5. O-O Bd6 6. d4 Bg4 7. dxe5 Bxf3 8.
Qxf3 Bxe5 9. Qb3 Rb8 10. c3 Qh4 11. f4 Bd6 12. Qc4 Nf6 13. h3 Nh5 14. e5 Be7
15. Be3 Qg3 16. Bf2 Qxf4 17. Bd4 Qg5 18. Qxf7+ Kd8 19. Rd1 Bd6 20. exd6 cxd6
21. Bb6+ 1-0

[Event "6eme Open d'Echecs de Saint-Chely d'Aub"]
[Site "Saint-Chely d'Aubrac (12)"]
[Date "2006.07.17"]
[Round "3.19"]
[White "Michel, Jerome"]
[Black "Joli, Laurent"]
[Result "0-1"]
[WhiteElo "1640"]
[BlackElo "1944"]
[PlyCount "60"]

1. e4 c5 2. c3 Nc6 3. d4 cxd4 4. cxd4 d5 5. exd5 Qxd5 6. Nf3 Bg4 7. Be2 e6 8.
h3 Bh5 9. O-O Nf6 10. Nc3 Qd8 11. Bg5 Be7 12. Bxf6 Bxf6 13. d5 Bxc3 14. dxc6
Bxb2 15. Qxd8+ Rxd8 16. Rab1 Ba3 17. Rxb7 Bc5 18. c7 Rc8 19. Rc1 Bb6 20. a4 Ke7
21. g4 Bg6 22. a5 Be4 23. Rxb6 axb6 24. axb6 Bb7 25. Ne5 Ra8 26. Rd1 Bd5 27.
Bb5 f6 28. b7 fxe5 29. Rxd5 exd5 30. c8=Q Raxc8 0-1

[Event "6eme Open d'Echecs de Saint-Chely d'Aub"]
[Site "Saint-Chely d'Aubrac (12)"]
[Date "2006.07.17"]
[Round "3.20"]
[White "Perrin, Yannick"]
[Black "Gouillart, Sylvain"]
[Result "0-1"]
[WhiteElo "1620"]
[BlackElo "1888"]
[PlyCount "70"]

1. e4 Nf6 2. Nc3 d5 3. e5 d4 4. exf6 dxc3 5. fxe7 cxd2+ 6. Bxd2 Qxe7+ 7. Qe2
Bg4 8. Qxe7+ Bxe7 9. Be2 Be6 10. Nf3 Nc6 11. Bb5 Bd5 12. O-O O-O-O 13. Bc3 Bxf3
14. gxf3 Nd4 15. Bxd4 Rxd4 16. Rad1 Rb4 17. Bd7+ Kb8 18. b3 Rf4 19. Rd3 Bd6 20.
Rfd1 a6 21. Kg2 Rd8 22. Bg4 f5 23. Bh3 Re8 24. Re3 Rf8 25. Rde1 Ka7 26. Re8 Rf6
27. R1e6 Rf7 28. Rh8 g5 29. Kg1 g4 30. Bf1 Rg7 31. Bd3 gxf3+ 32. Kf1 Rfg4 33.
Ke1 Bf4 34. Rhe8 Rg1+ 35. Bf1 Bxh2 0-1

[Event "6eme Open d'Echecs de Saint-Chely d'Aub"]
[Site "Saint-Chely d'Aubrac (12)"]
[Date "2006.07.17"]
[Round "3.21"]
[White "Desboeufs, Claude"]
[Black "Boulet, Stephane"]
[Result "0-1"]
[WhiteElo "1580"]
[BlackElo "1886"]
[PlyCount "78"]

1. c4 e5 2. Nc3 Nf6 3. Nf3 Nc6 4. g3 d5 5. cxd5 Nxd5 6. Bg2 Nb6 7. O-O Be7 8.
d3 O-O 9. Be3 Bf5 10. Qd2 Qd7 11. Rac1 Bh3 12. a3 Bxg2 13. Kxg2 Rad8 14. Ne4 f5
15. Nc5 Qc8 16. Bg5 e4 17. Ng1 Rd5 18. Bxe7 Nxe7 19. Rc3 Ng6 20. Rfc1 c6 21. b4
Nd7 22. Qa2 Kh8 23. dxe4 fxe4 24. Nxe4 Nde5 25. f4 Qg4 26. e3 Nd3 27. Rf1 Rfd8
28. Rc2 Nh4+ 29. Kh1 Nf5 30. Re2 Re8 31. Nc3 Rd6 32. Qf7 Rde6 33. Qd7 Nxg3+ 34.
hxg3 Rh6+ 35. Rh2 Qxd7 36. Rxh6 gxh6 37. e4 Qd4 38. Nge2 Qxe4+ 39. Rf3 Ne1 0-1

[Event "6eme Open d'Echecs de Saint-Chely d'Aub"]
[Site "Saint-Chely d'Aubrac (12)"]
[Date "2006.07.17"]
[Round "3.22"]
[White "Lagunes, Matthieu"]
[Black "Casasnovas, Vincent"]
[Result "1-0"]
[WhiteElo "1860"]
[BlackElo "1570"]
[PlyCount "65"]

1. e4 d6 2. d4 Nf6 3. Nc3 c6 4. f3 Nbd7 5. Be3 e5 6. h4 Be7 7. h5 exd4 8. Bxd4
Ne5 9. g4 Nfxg4 10. fxg4 Bxg4 11. Qd2 Nc4 12. Bxc4 Bh4+ 13. Bf2 Bg5 14. Qd4 Bf6
15. e5 Qe7 16. Qxg4 Qxe5+ 17. Qe2 Qxe2+ 18. Ngxe2 d5 19. Bd3 Bg5 20. O-O O-O
21. Ng3 Rfe8 22. Rae1 b6 23. Rxe8+ Rxe8 24. Re1 Rxe1+ 25. Bxe1 Bf6 26. Kg2 h6
27. Kf3 Kf8 28. Nf5 d4 29. Ne4 Be5 30. Bg3 f6 31. Bxe5 fxe5 32. Bc4 c5 33. Ned6
1-0

[Event "6eme Open d'Echecs de Saint-Chely d'Aub"]
[Site "Saint-Chely d'Aubrac (12)"]
[Date "2006.07.17"]
[Round "3.23"]
[White "Trzesniower, Jacques"]
[Black "De Biasi, Robert"]
[Result "1/2-1/2"]
[WhiteElo "1550"]
[BlackElo "1818"]
[PlyCount "102"]

1. Nf3 Nf6 2. g3 d5 3. d3 Nc6 4. Nbd2 e5 5. e4 h6 6. Bg2 Be6 7. O-O Bd6 8. Qe2
Qd7 9. c3 Bh3 10. Bxh3 Qxh3 11. exd5 Nxd5 12. d4 O-O 13. dxe5 Rfe8 14. Nc4 Qg4
15. Re1 Re6 16. Qe4 Qxe4 17. Rxe4 Rae8 18. Nd4 Nxd4 19. cxd4 b5 20. Nxd6 cxd6
21. f4 Nb4 22. Bd2 d5 23. Re2 Nc2 24. Rd1 Nxd4 25. Re3 Rd8 26. Bc3 Nc6 27. Red3
b4 28. Be1 d4 29. Bf2 a5 30. Bxd4 a4 31. Bb6 Rb8 32. Bc7 Rb7 33. Bd6 b3 34. a3
Na5 35. Rc1 Rd7 36. Rd4 Nb7 37. Rc7 Rxc7 38. Bxc7 Rc6 39. Bd6 Rc1+ 40. Kg2 Rc2+
41. Kh3 Rxb2 42. Rb4 Nxd6 43. exd6 Rd2 44. Rxa4 Rxd6 45. Rb4 Rd3 46. a4 Kf8 47.
Kg4 g6 48. Rb5 Rd4 49. Rxb3 Rxa4 50. Kf3 h5 51. h4 f5 1/2-1/2

[Event "6eme Open d'Echecs de Saint-Chely d'Aub"]
[Site "Saint-Chely d'Aubrac (12)"]
[Date "2006.07.??"]
[Round "3.24"]
[White "Carabetta, Gaetan"]
[Black "Sidibe, Malika"]
[Result "0-1"]
[WhiteElo "1520"]
[BlackElo "1815"]
[PlyCount "56"]

1. d4 Nf6 2. Nf3 d5 3. Bf4 e6 4. e3 Be7 5. Bd3 Nbd7 6. Nbd2 c5 7. c3 Qb6 8. Qc2
Bd6 9. Bg3 Qc7 10. Bxd6 Qxd6 11. h3 e5 12. dxe5 Nxe5 13. O-O-O Bd7 14. Nxe5
Qxe5 15. Nf3 Qd6 16. Bf5 O-O 17. g4 Rad8 18. g5 Bxf5 19. Qxf5 Ne4 20. Rdf1 Qa6
21. a3 Rd6 22. h4 Qe2 23. h5 Rb6 24. b4 cxb4 25. axb4 Nxc3 26. h6 Na2+ 27. Kb1
Rxb4+ 28. Ka1 Qb2# 0-1

[Event "6eme Open d'Echecs de Saint-Chely d'Aub"]
[Site "Saint-Chely d'Aubrac (12)"]
[Date "2006.07.17"]
[Round "3.25"]
[White "Causse, Michel"]
[Black "Boulier, Rene"]
[Result "0-1"]
[WhiteElo "1499"]
[BlackElo "1993"]
[PlyCount "76"]

1. d4 Nf6 2. Nc3 d5 3. Nf3 e6 4. e3 Bb4 5. Bd2 O-O 6. a3 Bxc3 7. Bxc3 a5 8. Be2
Ne4 9. O-O c6 10. Be1 Nd7 11. c3 b6 12. Nd2 Nxd2 13. Bxd2 f5 14. b4 Ba6 15. a4
Bxe2 16. Qxe2 g5 17. f3 Qf6 18. f4 h6 19. fxg5 hxg5 20. Rf3 g4 21. Rg3 Qh4 22.
Rf1 Nf6 23. Rf4 Qh7 24. Be1 axb4 25. Qd1 bxc3 26. Bxc3 Kf7 27. Bb4 Rh8 28. h3
Ne4 29. Rxe4 dxe4 30. Qc2 Rac8 31. a5 bxa5 32. Bxa5 Rhg8 33. Kh2 gxh3 34. Rxh3
Qg6 35. Bb4 Rh8 36. Be1 Rxh3+ 37. gxh3 Rg8 38. Bb4 Qg1# 0-1

[Event "6eme Open d'Echecs de Saint-Chely d'Aub"]
[Site "Saint-Chely d'Aubrac (12)"]
[Date "2006.07.17"]
[Round "3.26"]
[White "Manser, Luca"]
[Black "Lassis, Patrick"]
[Result "0-1"]
[WhiteElo "1460"]
[BlackElo "1760"]
[PlyCount "53"]

1. e4 e6 2. d4 d5 3. e5 Nd7 4. Nf3 c5 5. Be3 Qb6 6. b3 Nh6 7. Bd3 Ng4 8. Qd2
Nxe3 9. Qxe3 cxd4 10. Nxd4 Bc5 11. c3 O-O 12. O-O Qc7 13. Re1 Qd8 14. Qh3 h6
15. Re3 Qg5 16. Nd2 Nxe5 17. Bc2 Ng6 18. Bxg6 Qxg6 19. Rg3 Qf6 20. Qh5 Bxd4 21.
cxd4 Qxd4 22. Rd1 Qf4 23. Qg4 Qxg4 24. Rxg4 e5 25. Rg3 Be6 26. Nf3 e4 27. Nd4 {
Suite illisible} 0-1

[Event "6eme Open d'Echecs de Saint-Chely d'Aub"]
[Site "Saint-Chely d'Aubrac (12)"]
[Date "2006.07.17"]
[Round "3.27"]
[White "Maurand, Sylvain"]
[Black "Marie, Olivier"]
[Result "1/2-1/2"]
[WhiteElo "1760"]
[BlackElo "1750"]
[PlyCount "22"]

1. e4 Nf6 2. Nc3 d5 3. exd5 Nxd5 4. Qf3 Nf6 5. Bc4 Nc6 6. d3 Ne5 7. Qg3 Nxc4 8.
dxc4 Be6 9. b3 c6 10. Nge2 Bf5 11. O-O Bxc2 1/2-1/2

[Event "6eme Open d'Echecs de Saint-Chely d'Aub"]
[Site "Saint-Chely d'Aubrac (12)"]
[Date "2006.07.17"]
[Round "3.28"]
[White "Gipouloux, Laurent"]
[Black "Gazel, Bruno"]
[Result "1-0"]
[WhiteElo "1806"]
[BlackElo "1520"]
[PlyCount "65"]

1. e4 e5 2. Nf3 Nc6 3. Bb5 a6 4. Bxc6 dxc6 5. Nc3 Bd6 6. d4 Bg4 7. h3 Bxf3 8.
gxf3 Qf6 9. d5 Ne7 10. h4 h6 11. dxc6 Nxc6 12. Nd5 Qd8 13. Be3 Ne7 14. Qd2 Nxd5
15. exd5 Qf6 16. Ke2 Qe7 17. h5 Bc5 18. Rag1 Bxe3 19. fxe3 Kf8 20. e4 Rd8 21.
Rg2 Qc5 22. b3 c6 23. c4 b5 24. Qa5 Ra8 25. Rhg1 Rg8 26. dxc6 Qxc6 27. Qb4+ Ke8
28. Rxg7 Rxg7 29. Rxg7 Qf6 30. Rg8+ Kd7 31. Rxa8 Qh4 32. Qd2+ Ke7 33. Qd8+ 1-0

[Event "6eme Open d'Echecs de Saint-Chely d'Aub"]
[Site "Saint-Chely d'Aubrac (12)"]
[Date "2006.07.17"]
[Round "3.29"]
[White "Schneider, Martin"]
[Black "Tournier, Jean-Pascal"]
[Result "0-1"]
[WhiteElo "1500"]
[BlackElo "1560"]
[PlyCount "42"]

1. e4 e5 2. Nf3 Nc6 3. Bb5 a6 4. Bxc6 dxc6 5. Nxe5 Qg5 6. Nf3 Qxg2 7. Rg1 Qh3
8. Rg3 Qh5 9. Qe2 Bg4 10. d3 O-O-O 11. Be3 Bd6 12. e5 Bxf3 13. Qxf3 Qxf3 14.
Rxf3 Bxe5 15. h3 Bxb2 16. Bg5 f6 17. Bd2 Bxa1 18. c3 Ne7 19. Rf4 Rhe8 20. Rg4
Rxd3 21. Rxg7 Nf5+ 0-1